Cherris aren't red elements / (Record no. 170192)

MARC details
000 -LEADER
fixed length control field 00459nam a22001817a 4500
005 - DATE AND TIME OF LATEST TRANSACTION
control field 20191211173025.0
010 ## - LCCN (DPL NO)
LC control number ENG-127084
020 ## - INTERNATIONAL STANDARD BOOK NUMBER
Terms of availability 150.00
International Standard Book Number 9788184658804
035 ## - SYSTEM CONTROL NUMBER
System control number EN-110616
037 ## - SOURCE OF ACQUISITION
Source of stock number/acquisition DBAD/PUB
082 ## - DEWEY DECIMAL CLASSIFICATION NUMBER
Classification number S
100 ## - MAIN ENTRY--PERSONAL NAME
Personal name Agarwal, Neha
245 ## - TITLE STATEMENT
Title Cherris aren't red elements /
Statement of responsibility, etc by Neha Agarwal
260 ## - PUBLICATION, DISTRIBUTION, ETC. (IMPRINT)
Place of publication, distribution, etc Banglore
Name of publisher, distributor, etc Pothi
Date of publication, distribution, etc 2009
270 ## - ADDRESS
Electronic mail address na.mindmines@gmail.com
300 ## - PHYSICAL DESCRIPTION
Extent 302p.
Dimensions 20cm(pbk)
942 ## - ADDED ENTRY ELEMENTS (KOHA)
Source of classification or shelving scheme Dewey Decimal Classification
Item type English Books
Classification part S
Call number suffix AGA
Holdings
Withdrawn status Lost status Not for loan Collection code Home library Current library Date acquired Source of acquisition Cost, normal purchase price Full call number Barcode Copy number Cost, replacement price Koha item type
      Fiction Sarojini Nagar Sarojini Nagar 11/12/2019 DBAD/PUB 150.00 S AGA EN-110616 1 150.00 English Books

© Delhi Public Library
Hit Counter
free hit counter